MARC details
| 000 -LEADER |
| fixed length control field |
01622nam a2200253 a 4500 |
| 008 - FIXED-LENGTH DATA ELEMENTS--GENERAL INFORMATION |
| fixed length control field |
180809s2016 ||||||||||||||||| || u |
| 020 ## - INTERNATIONAL STANDARD BOOK NUMBER |
| International Standard Book Number |
9781780648156 |
| 050 ## - LIBRARY OF CONGRESS CALL NUMBER |
| Classification number |
SB 110 Har |
| 100 ## - MAIN ENTRY--PERSONAL NAME |
| Personal name |
Wani, Suhas P |
| 245 10 - TITLE STATEMENT |
| Title |
Harnessing dividends from drylands : innovative scaling up with soil nutrients |
| Statement of responsibility, etc. |
Edited by K. V. , Raju and Suhas, P. Wani |
| 260 ## - PUBLICATION, DISTRIBUTION, ETC. |
| Place of publication, distribution, etc. |
Boston: |
| Name of publisher, distributor, etc. |
CABI Publishing |
| Date of publication, distribution, etc. |
2016 |
| 300 ## - PHYSICAL DESCRIPTION |
| Extent |
xiv, 319 pages : illustrations |
| 350 ## - |
| -- |
116.66 |
| 650 ## - SUBJECT ADDED ENTRY--TOPICAL TERM |
| Topical term or geographic name entry element |
CROP YIELDS--INDIA--CASE STUDIES |
| 650 ## - SUBJECT ADDED ENTRY--TOPICAL TERM |
| Topical term or geographic name entry element |
DRY FARMING--INDIA--CASE STUDIES |
| 650 ## - SUBJECT ADDED ENTRY--TOPICAL TERM |
| Topical term or geographic name entry element |
AGRICULTURAL PRODUCTIVITY--INDIA--CASE STUDIES |
| 650 ## - SUBJECT ADDED ENTRY--TOPICAL TERM |
| Topical term or geographic name entry element |
SOILS AND NUTRITION--INDIA--CASE STUDIES |
| 700 ## - ADDED ENTRY--PERSONAL NAME |
| Personal name |
Raju, K. V |
| 995 ## - |
| -- |
KAPASA MAKASA LIBRARY OPEN ACCESS |
| -- |
748402 |
| -- |
CBU-KAPASA MAKASA LIBRARY (Chinsali) |
| -- |
116.66 |
| -- |
SB 110 Har |
| -- |
2 |
| -- |
AVAILABLE |
| -- |
Aug 10, 2018 |
| -- |
748402 |
| -- |
Kapasa Makasa Library Open Acess Collection |
| 995 ## - |
| -- |
MAIN LIBRARY OPEN ACCESS |
| -- |
748422 |
| -- |
CBU-MAIN LIBRARY (Kitwe) |
| -- |
116.66 |
| -- |
SB 110 Har |
| -- |
4 |
| -- |
AVAILABLE |
| -- |
Aug 30, 2018 |
| -- |
748422 |
| -- |
Main Library Open Access Collection |
| 995 ## - |
| -- |
KAPASA MAKASA LIBRARY OPEN ACCESS |
| -- |
748401 |
| -- |
CBU-KAPASA MAKASA LIBRARY (Chinsali) |
| -- |
116.66 |
| -- |
SB 110 Har |
| -- |
1 |
| -- |
AVAILABLE |
| -- |
Aug 10, 2018 |
| -- |
748401 |
| -- |
Kapasa Makasa Library Open Acess Collection |
| 995 ## - |
| -- |
KAPASA MAKASA LIBRARY OPEN ACCESS |
| -- |
748403 |
| -- |
CBU-KAPASA MAKASA LIBRARY (Chinsali) |
| -- |
116.66 |
| -- |
SB 110 Har |
| -- |
3 |
| -- |
AVAILABLE |
| -- |
Aug 10, 2018 |
| -- |
748403 |
| -- |
Kapasa Makasa Library Open Acess Collection |
| 995 ## - |
| -- |
MAIN LIBRARY OPEN ACCESS |
| -- |
748423 |
| -- |
CBU-MAIN LIBRARY (Kitwe) |
| -- |
116.66 |
| -- |
SB 110 Har |
| -- |
5 |
| -- |
AVAILABLE |
| -- |
Aug 30, 2018 |
| -- |
748423 |
| -- |
Main Library Open Access Collection |
| 999 ## - |
| -- |
76131 |
| -- |
76131 |